Fairytales by Picture - Statistics

General Stats
  • This quiz has been taken 19 times
  • The average score is 6 of 15
Answer Stats
Picture Answer % Correct
Little Red Riding hood
73%
The Princess and the Pea
60%
Cinderella
53%
Puss in Boots
47%
Rapunzel
47%
The Frog Prince
47%
The Little Mermaid
47%
Sleeping Beauty
40%
Snow White
40%
Beauty and the Beast
33%
The Three Bears
33%
The Three Little Pigs
33%
Hansel and Gretel
27%
Aladdin
20%
The Snow Queen
13%
No matching quizzes found
Score Distribution
Percent of People with Each Score
Percentile by Number Answered
Your Score History
You have not taken this quiz